书目信息 |
| 题名: |
跑步
|
|
| 作者: | 霍利 著 ;徐昌豹 审译 | |
| 分册: | ||
| 出版信息: | 北京 人民体育出版社 2002 |
|
| 页数: | 98页 | |
| 开本: | 24cm | |
| 丛书名: | 运动医学与科学手册 | |
| 单 册: | ||
| 中图分类: | G822.014 | |
| 科图分类: | ||
| 主题词: | 跑--运动医学 | |
| 电子资源: | ||
| ISBN: | 7-5009-2241-8 | |
| 000 | 00685nam2 2200229 45 | |
| 001 | 0405191681 | |
| 005 | 20040519172055.7 | |
| 010 | @a7-5009-2241-8@dCNY15.00 | |
| 100 | @a20040519d2002 km y0chiy0120 ea | |
| 101 | 0 | @achi@ceng |
| 105 | @ab z 000yy | |
| 200 | 1 | @a跑步@APao Bu@f(澳)约翰·A·霍利等著@F(Ao)Yue Han·A·Huo Li Deng Zhu@g徐昌豹审译 |
| 210 | @a北京@c人民体育出版社@d2002 | |
| 215 | @a98页@c图@d24cm | |
| 225 | @a运动医学与科学手册 | |
| 410 | @12001 @a运动医学与科学手册 | |
| 606 | 0 | @a跑@x运动医学 |
| 690 | @aG822.014@v4 | |
| 701 | 0 | @a霍利@4著 |
| 702 | 0 | @a徐昌豹@AXu Chang Bao@4审译 |
| 801 | @aCN@bPftUser@c20040519 | |
| 905 | @b333257-261@dG822.014@e59@f5 | |
| 跑步/(澳)约翰·A·霍利等著/徐昌豹审译.-北京:人民体育出版社,2002 |
| 98页:图;24cm.-(运动医学与科学手册) |
| ISBN 7-5009-2241-8:CNY15.00 |
| ● |
| 相关链接 |
|
|
|
|
正题名:跑步
索取号:G822.014/59
 
预约/预借
| 序号 | 登录号 | 条形码 | 馆藏地/架位号 | 状态 | 备注 |
| 1 | 0333257 | 203332571 | 第四借阅区/ [索取号:G822.014/59] | 在馆 | |
| 2 | 0333258 | 203332580 | 第四借阅区/ [索取号:G822.014/59] | 在馆 | |
| 3 | 0333259 | 203332599 | 第四借阅区/ [索取号:G822.014/59] | 在馆 | |
| 4 | 0333260 | 203332606 | 第四借阅区/ [索取号:G822.014/59] | 在馆 | |
| 5 | 0333261 | 203332615 | 第一样本阅览室/ [索取号:G822.014/59] | 在馆 |